Statistics for Satellite Images - Island Chains

Click here to take the quiz!

General Stats

  • This quiz has been taken 18,305 times
  • The average score is 8 of 16

Answer Stats

Answer % Correct
Japan
96%
Hawaii
84%
Philippines
76%
{Falkland} Islands
64%
{Canary} Islands
57%
Fiji
56%
Greater {Antilles}
55%
Outer {Hebrides}
50%
{Aleutian} Islands
50%
{Faroe} Islands
42%
{Shetland} Islands
40%
Malta
37%
{Balearic} Islands
35%
Tierra del Fuego
33%
{Galapagos} Islands
31%
Florida Keys
26%

Score Distribution

Percentile by Number Answered

Percent of People with Each Score

Your Score History

You have not taken this quiz